International Relations/ (Record no. 212142)

MARC details
000 -LEADER
fixed length control field 00655nam a22002057a 4500
005 - DATE AND TIME OF LATEST TRANSACTION
control field 20250707123158.0
010 ## - LCCN (DPL NO)
LC control number ENG-145712
020 ## - INTERNATIONAL STANDARD BOOK NUMBER
International Standard Book Number 9789361593413
Terms of availability 550.00
035 ## - SYSTEM CONTROL NUMBER
System control number EN-129244
037 ## - SOURCE OF ACQUISITION
Source of stock number/acquisition DBAD
082 ## - DEWEY DECIMAL CLASSIFICATION NUMBER
Classification number 000
Edition number 2
100 ## - MAIN ENTRY--PERSONAL NAME
Personal name Saumitra Mohan
245 ## - TITLE STATEMENT
Title International Relations/
Statement of responsibility, etc Saumitra Mohan [and] Chandan Jha
250 ## - EDITION STATEMENT
Edition statement 2
260 ## - PUBLICATION, DISTRIBUTION, ETC. (IMPRINT)
Place of publication, distribution, etc Noida
Name of publisher, distributor, etc Pearson India Education
Date of publication, distribution, etc 2025
270 ## - ADDRESS
Address 15th Floor, Towe-B, World Trade Tower, Plot No.1, Block-C, Sector-16
City Noida
Postal code 201301
300 ## - PHYSICAL DESCRIPTION
Extent vpp.
Dimensions 25cm(pbk)
500 ## - GENERAL NOTE
General note For UPSC and State Civil Services Examinations
942 ## - ADDED ENTRY ELEMENTS (KOHA)
Source of classification or shelving scheme Dewey Decimal Classification
Item type English Books
Classification part 000
Call number suffix SAU
Holdings
Withdrawn status Lost status Not for loan Collection code Home library Current library Date acquired Source of acquisition Cost, normal purchase price Full call number Barcode Copy number Cost, replacement price Koha item type
      Non-fiction Central Library Central Library 07/07/2025 Delivery of Books Act Division 550.00 000 SAU EN-129244 1 550.00 English Books

© Delhi Public Library
Hit Counter
free hit counter